000 00659nam a2200205 a 4500
001 000019676
003 AM-YEHGA
005 20250618070814.0
008 030329s1913 gs |||||||||||||||||arm|d
040 _aAM-YeHGA
041 0 _aarm
100 0 _aԵղիշե,
_dV դ.
_93323
245 1 0 _aԵղիշէի պատմութիւն Վարդանանց ըստ Անձեւացեացն օրինակի /
_cԵղիշէ.
260 _aԹիֆլիս :
_bԷլէքտրատպ. օր. Ն. Աղանեանի,
_c1913.
300 _a276 էջ
440 0 _aՂուկասեան մատենադարան
_vԺԱ
650 1 4 _aՀայոց պատմություն
942 _cBK
090 _c6930
999 _c6886
_d6886